<?xml version="1.0" encoding="UTF-8"?>
<record
    xmlns:xsi="http://www.w3.org/2001/XMLSchema-instance"
    xsi:schemaLocation="http://www.loc.gov/MARC21/slim http://www.loc.gov/standards/marcxml/schema/MARC21slim.xsd"
    xmlns="http://www.loc.gov/MARC21/slim">

  <leader>01822nam a22003377a 4500</leader>
  <datafield tag="999" ind1=" " ind2=" ">
    <subfield code="c">455</subfield>
    <subfield code="d">455</subfield>
  </datafield>
  <controlfield tag="003">AR-CdUCM</controlfield>
  <controlfield tag="008">190223b           ||||| |||| 00| 0 spa d</controlfield>
  <datafield tag="040" ind1=" " ind2=" ">
    <subfield code="a">MUNICIPALIDAD PROVINCIAL DEL CUSCO</subfield>
    <subfield code="c">BIBLIOTECA MUNICIPAL DEL CUSCO</subfield>
  </datafield>
  <datafield tag="082" ind1=" " ind2=" ">
    <subfield code="a">985.4 /</subfield>
    <subfield code="b">B45</subfield>
  </datafield>
  <datafield tag="100" ind1=" " ind2=" ">
    <subfield code="a">Bermejo, Vladimiro</subfield>
  </datafield>
  <datafield tag="245" ind1=" " ind2=" ">
    <subfield code="a">Historiadores y prosistas /</subfield>
    <subfield code="c">Primer festival del libro Arequipe&#xF1;o</subfield>
  </datafield>
  <datafield tag="260" ind1=" " ind2=" ">
    <subfield code="a">Arequipa : </subfield>
    <subfield code="b">Lumen;  </subfield>
    <subfield code="b">Mej&#xED;a Baca,</subfield>
    <subfield code="c">1958.</subfield>
  </datafield>
  <datafield tag="300" ind1=" " ind2=" ">
    <subfield code="a">166 p&#xE1;ginas ;</subfield>
    <subfield code="c">17 cm.</subfield>
  </datafield>
  <datafield tag="505" ind1=" " ind2=" ">
    <subfield code="a">Contenido: Descripci&#xF3;n de la ciudad de Arequipa su poblaci&#xF3;n y agricultura -- La catedral de Arequipa --  Los primeros espa&#xF1;oles en Arequipa -- Revoluci&#xF3;n de Arequipa a favor del general D. Manuel Ignacio Vivanco 1954 -- El fundador de Arequipa y el licenciado La Gasca -- Aportes para la historia de Arequipa -- La cuesti&#xF3;n social de Arequipa -- Estudios de sociolog&#xED;a Arequipe&#xF1;a, discurso preliminar -- Un cap&#xED;tulo de "El provinciano" -- Reminiscencias hist&#xF3;ricas de Arequipa, el a&#xF1;o 1868 -- Arequipa y su sino hist&#xF3;rico -- Mariano Melgar, su vida escolar -- Fundaci&#xF3;n oficial de Arequipa 1540 - 1940 --  Notas biogr&#xE1;ficas...</subfield>
  </datafield>
  <datafield tag="700" ind1=" " ind2=" ">
    <subfield code="a">Francisco Javier de Echeverr&#xED;a</subfield>
    <subfield code="9">1791</subfield>
  </datafield>
  <datafield tag="700" ind1=" " ind2=" ">
    <subfield code="a">Mariano A. Cateriano</subfield>
    <subfield code="9">1792</subfield>
  </datafield>
  <datafield tag="700" ind1=" " ind2=" ">
    <subfield code="a">Ladislao Cabrera Valdez</subfield>
    <subfield code="9">1793</subfield>
  </datafield>
  <datafield tag="700" ind1=" " ind2=" ">
    <subfield code="a">Dean Juan Gualberto Valdivia</subfield>
    <subfield code="9">1794</subfield>
  </datafield>
  <datafield tag="700" ind1=" " ind2=" ">
    <subfield code="a">Fray Victor M. Barriga</subfield>
    <subfield code="9">1795</subfield>
  </datafield>
  <datafield tag="700" ind1=" " ind2=" ">
    <subfield code="a">Francisco Mostajo</subfield>
    <subfield code="9">1796</subfield>
  </datafield>
  <datafield tag="700" ind1=" " ind2=" ">
    <subfield code="a">Victor Andr&#xE9;s Belaunde</subfield>
    <subfield code="9">1797</subfield>
  </datafield>
  <datafield tag="700" ind1=" " ind2=" ">
    <subfield code="a">Alberto Ball&#xF3;n Landa</subfield>
    <subfield code="9">1798</subfield>
  </datafield>
  <datafield tag="700" ind1=" " ind2=" ">
    <subfield code="a">Teodoro N&#xFA;&#xF1;ez Ureta</subfield>
    <subfield code="9">1799</subfield>
  </datafield>
  <datafield tag="700" ind1=" " ind2=" ">
    <subfield code="a">Monse&#xF1;or Santiago Mart&#xED;nez</subfield>
    <subfield code="9">1800</subfield>
  </datafield>
  <datafield tag="700" ind1=" " ind2=" ">
    <subfield code="a">Jos&#xE9; Luis Bustamante y Rivero</subfield>
    <subfield code="9">1801</subfield>
  </datafield>
  <datafield tag="700" ind1=" " ind2=" ">
    <subfield code="a">Salvador Cornejo</subfield>
    <subfield code="9">1802</subfield>
  </datafield>
  <datafield tag="700" ind1=" " ind2=" ">
    <subfield code="a">Victor N. Benavente</subfield>
    <subfield code="9">1803</subfield>
  </datafield>
  <datafield tag="942" ind1=" " ind2=" ">
    <subfield code="2">ddc</subfield>
    <subfield code="c">LIBROS</subfield>
  </datafield>
  <datafield tag="945" ind1=" " ind2=" ">
    <subfield code="a">lccs</subfield>
    <subfield code="d">2019-02-23</subfield>
  </datafield>
  <datafield tag="952" ind1=" " ind2=" ">
    <subfield code="0">0</subfield>
    <subfield code="2">ddc</subfield>
    <subfield code="4">0</subfield>
    <subfield code="7">0</subfield>
    <subfield code="a">SH</subfield>
    <subfield code="b">SH</subfield>
    <subfield code="c">CART</subfield>
    <subfield code="d">2019-02-23</subfield>
    <subfield code="g">15.00</subfield>
    <subfield code="o">985.4 / B45</subfield>
    <subfield code="p">SH0000000332</subfield>
    <subfield code="r">2019-02-23</subfield>
    <subfield code="y">LIBROS</subfield>
  </datafield>
  <datafield tag="952" ind1=" " ind2=" ">
    <subfield code="0">0</subfield>
    <subfield code="2">ddc</subfield>
    <subfield code="4">0</subfield>
    <subfield code="7">0</subfield>
    <subfield code="a">SH</subfield>
    <subfield code="b">SH</subfield>
    <subfield code="c">CART</subfield>
    <subfield code="d">2019-05-09</subfield>
    <subfield code="g">15.00</subfield>
    <subfield code="o">985.4 / B45 / e.2</subfield>
    <subfield code="p">SH0000012636</subfield>
    <subfield code="r">2019-05-09</subfield>
    <subfield code="t">e.2</subfield>
    <subfield code="y">LIBROS</subfield>
  </datafield>
</record>
